<?xml version="1.0" encoding="UTF-8"?>
<record
    xmlns:xsi="http://www.w3.org/2001/XMLSchema-instance"
    xsi:schemaLocation="http://www.loc.gov/MARC21/slim http://www.loc.gov/standards/marcxml/schema/MARC21slim.xsd"
    xmlns="http://www.loc.gov/MARC21/slim">

  <leader>00480nam a2200157   4500</leader>
  <controlfield tag="003">SEACOMEC</controlfield>
  <controlfield tag="005">20250417120650.0</controlfield>
  <controlfield tag="008">250417b        |||||||| |||| 00| 0 eng d</controlfield>
  <datafield tag="020" ind1=" " ind2=" ">
    <subfield code="a">978-1420074321</subfield>
    <subfield code="c">495.00</subfield>
  </datafield>
  <datafield tag="040" ind1=" " ind2=" ">
    <subfield code="a">SEACOMEC</subfield>
  </datafield>
  <datafield tag="082" ind1=" " ind2=" ">
    <subfield code="a">621.37</subfield>
    <subfield code="b">G425</subfield>
  </datafield>
  <datafield tag="100" ind1=" " ind2=" ">
    <subfield code="a">Ghosh, M.K</subfield>
  </datafield>
  <datafield tag="245" ind1=" " ind2=" ">
    <subfield code="a">Measurement and Instrumentation: Trends and Applications / </subfield>
    <subfield code="c">edited by  M.K. Ghosh ,  S. Sen &amp; S. Mukhopadhyay </subfield>
  </datafield>
  <datafield tag="260" ind1=" " ind2=" ">
    <subfield code="a">New Delhi : </subfield>
    <subfield code="b">Ane Books India ,</subfield>
    <subfield code="c">2008 </subfield>
  </datafield>
  <datafield tag="942" ind1=" " ind2=" ">
    <subfield code="c">BOOK</subfield>
  </datafield>
  <datafield tag="952" ind1=" " ind2=" ">
    <subfield code="0">0</subfield>
    <subfield code="1">0</subfield>
    <subfield code="2">ddc</subfield>
    <subfield code="4">0</subfield>
    <subfield code="7">0</subfield>
    <subfield code="a">SEACOMEC</subfield>
    <subfield code="b">SEACOMEC</subfield>
    <subfield code="d">2010-02-18</subfield>
    <subfield code="l">0</subfield>
    <subfield code="o">621.37 G425</subfield>
    <subfield code="p">16107</subfield>
    <subfield code="r">2025-04-17 12:07:31</subfield>
    <subfield code="w">2025-04-17</subfield>
    <subfield code="y">REF</subfield>
  </datafield>
  <datafield tag="952" ind1=" " ind2=" ">
    <subfield code="0">0</subfield>
    <subfield code="1">0</subfield>
    <subfield code="2">ddc</subfield>
    <subfield code="4">0</subfield>
    <subfield code="7">0</subfield>
    <subfield code="a">SEACOMEC</subfield>
    <subfield code="b">SEACOMEC</subfield>
    <subfield code="d">2010-02-18</subfield>
    <subfield code="l">0</subfield>
    <subfield code="o">621.37 G425</subfield>
    <subfield code="p">16108</subfield>
    <subfield code="r">2025-04-17 12:07:31</subfield>
    <subfield code="t">1</subfield>
    <subfield code="w">2025-04-17</subfield>
    <subfield code="y">BOOK</subfield>
  </datafield>
  <datafield tag="952" ind1=" " ind2=" ">
    <subfield code="0">0</subfield>
    <subfield code="1">0</subfield>
    <subfield code="2">ddc</subfield>
    <subfield code="4">0</subfield>
    <subfield code="7">0</subfield>
    <subfield code="a">SEACOMEC</subfield>
    <subfield code="b">SEACOMEC</subfield>
    <subfield code="d">2010-02-18</subfield>
    <subfield code="l">0</subfield>
    <subfield code="o">621.37 G425</subfield>
    <subfield code="p">16109</subfield>
    <subfield code="r">2025-04-17 12:07:31</subfield>
    <subfield code="t">2</subfield>
    <subfield code="w">2025-04-17</subfield>
    <subfield code="y">BOOK</subfield>
  </datafield>
  <datafield tag="952" ind1=" " ind2=" ">
    <subfield code="0">0</subfield>
    <subfield code="1">0</subfield>
    <subfield code="2">ddc</subfield>
    <subfield code="4">0</subfield>
    <subfield code="7">0</subfield>
    <subfield code="a">SEACOMEC</subfield>
    <subfield code="b">SEACOMEC</subfield>
    <subfield code="d">2010-02-18</subfield>
    <subfield code="l">0</subfield>
    <subfield code="o">621.37 G425</subfield>
    <subfield code="p">16110</subfield>
    <subfield code="r">2025-04-17 12:07:31</subfield>
    <subfield code="t">3</subfield>
    <subfield code="w">2025-04-17</subfield>
    <subfield code="y">BOOK</subfield>
  </datafield>
  <datafield tag="952" ind1=" " ind2=" ">
    <subfield code="0">0</subfield>
    <subfield code="1">0</subfield>
    <subfield code="2">ddc</subfield>
    <subfield code="4">0</subfield>
    <subfield code="7">0</subfield>
    <subfield code="a">SEACOMEC</subfield>
    <subfield code="b">SEACOMEC</subfield>
    <subfield code="d">2010-02-18</subfield>
    <subfield code="l">0</subfield>
    <subfield code="o">621.37 G425</subfield>
    <subfield code="p">16111</subfield>
    <subfield code="r">2025-04-17 12:07:31</subfield>
    <subfield code="t">4</subfield>
    <subfield code="w">2025-04-17</subfield>
    <subfield code="y">BOOK</subfield>
  </datafield>
  <datafield tag="952" ind1=" " ind2=" ">
    <subfield code="0">0</subfield>
    <subfield code="1">0</subfield>
    <subfield code="2">ddc</subfield>
    <subfield code="4">0</subfield>
    <subfield code="7">0</subfield>
    <subfield code="a">SEACOMEC</subfield>
    <subfield code="b">SEACOMEC</subfield>
    <subfield code="d">2010-02-18</subfield>
    <subfield code="l">0</subfield>
    <subfield code="o">621.37 G425</subfield>
    <subfield code="p">16112</subfield>
    <subfield code="r">2025-04-17 12:07:31</subfield>
    <subfield code="t">5</subfield>
    <subfield code="w">2025-04-17</subfield>
    <subfield code="y">BOOK</subfield>
  </datafield>
  <datafield tag="952" ind1=" " ind2=" ">
    <subfield code="0">0</subfield>
    <subfield code="1">0</subfield>
    <subfield code="2">ddc</subfield>
    <subfield code="4">0</subfield>
    <subfield code="7">0</subfield>
    <subfield code="a">SEACOMEC</subfield>
    <subfield code="b">SEACOMEC</subfield>
    <subfield code="d">2010-02-18</subfield>
    <subfield code="l">0</subfield>
    <subfield code="o">621.37 G425</subfield>
    <subfield code="p">16113</subfield>
    <subfield code="r">2025-04-17 12:07:31</subfield>
    <subfield code="t">6</subfield>
    <subfield code="w">2025-04-17</subfield>
    <subfield code="y">BOOK</subfield>
  </datafield>
  <datafield tag="952" ind1=" " ind2=" ">
    <subfield code="0">0</subfield>
    <subfield code="1">0</subfield>
    <subfield code="2">ddc</subfield>
    <subfield code="4">0</subfield>
    <subfield code="7">0</subfield>
    <subfield code="a">SEACOMEC</subfield>
    <subfield code="b">SEACOMEC</subfield>
    <subfield code="d">2010-02-18</subfield>
    <subfield code="l">0</subfield>
    <subfield code="o">621.37 G425</subfield>
    <subfield code="p">16114</subfield>
    <subfield code="r">2025-04-17 12:07:31</subfield>
    <subfield code="t">7</subfield>
    <subfield code="w">2025-04-17</subfield>
    <subfield code="y">BOOK</subfield>
  </datafield>
  <datafield tag="952" ind1=" " ind2=" ">
    <subfield code="0">0</subfield>
    <subfield code="1">0</subfield>
    <subfield code="2">ddc</subfield>
    <subfield code="4">0</subfield>
    <subfield code="7">0</subfield>
    <subfield code="a">SEACOMEC</subfield>
    <subfield code="b">SEACOMEC</subfield>
    <subfield code="d">2010-02-18</subfield>
    <subfield code="l">0</subfield>
    <subfield code="o">621.37 G425</subfield>
    <subfield code="p">16115</subfield>
    <subfield code="r">2025-04-17 12:07:31</subfield>
    <subfield code="t">8</subfield>
    <subfield code="w">2025-04-17</subfield>
    <subfield code="y">BOOK</subfield>
  </datafield>
  <datafield tag="952" ind1=" " ind2=" ">
    <subfield code="0">0</subfield>
    <subfield code="1">0</subfield>
    <subfield code="2">ddc</subfield>
    <subfield code="4">0</subfield>
    <subfield code="7">0</subfield>
    <subfield code="a">SEACOMEC</subfield>
    <subfield code="b">SEACOMEC</subfield>
    <subfield code="d">2010-02-18</subfield>
    <subfield code="l">0</subfield>
    <subfield code="o">621.37 G425</subfield>
    <subfield code="p">16116</subfield>
    <subfield code="r">2025-04-17 12:07:31</subfield>
    <subfield code="t">9</subfield>
    <subfield code="w">2025-04-17</subfield>
    <subfield code="y">BOOK</subfield>
  </datafield>
  <datafield tag="999" ind1=" " ind2=" ">
    <subfield code="c">2200</subfield>
    <subfield code="d">2200</subfield>
  </datafield>
</record>
